000 00815nem a2200253 i 4500
001 bg
245 0 0 _aWojewództwo wielkopolskie :
_batlas drogowo-administracyjny /
_coprac. wydawca.
254 _a1: 170 000
260 _aKatowice :
_bWydaw. Kartograficzne "Mapy Ścienne" Beata Piętka,
_c[2005].
300 _a72 s. :
_bmapy kolor. ;
_c22 cm.
490 1 _a[Atlasy Województw] ;
_vnr 6
504 _aIndeks.
651 9 _aWielkopolskie, województwo
655 _aMapy
830 _a[Atlasy Województw] ;
020 _a8373452796
040 _cBPK
041 0 _apol
080 _a912(438)A/Z
920 _a83-7345-279-6
942 _cMP
008 s pl f |000 0 pol
999 _c35232
_d35232
856 _uhttp://koha.tu.koszalin.pl/cgi-bin/koha/opac-detail.pl?biblionumber=35232
_yKatalog online BPK